|
|
|
|
| LEADER |
01706nam a22004218a 4500 |
| 001 |
39024 |
| 003 |
BD-DhAAL |
| 005 |
20220626165500.0 |
| 008 |
220626t2014 enk b 001 0 eng d |
| 999 |
|
|
|c 44092
|d 44092
|
| 010 |
|
|
|a 2012034908
|
| 020 |
|
|
|a 9781472586070
|
| 020 |
|
|
|a 9781441193629 (hardcover : alk. paper)
|
| 020 |
|
|
|a 9781441113009 (ebook)
|
| 020 |
|
|
|a 9781441134509 (pdf : alk. paper)
|
| 040 |
|
|
|a DLC
|c DLC
|d DLC
|d BD-DhAAL
|
| 042 |
|
|
|a pcc
|
| 050 |
0 |
0 |
|a P53.28
|b .C678 2013
|
| 082 |
0 |
0 |
|a 418.00785
|2 23
|
| 245 |
0 |
0 |
|a Contemporary computer-assisted language learning /
|c edited by Michael Thomas, Hayo Reinders and Mark Warschauer.
|
| 260 |
|
|
|a London ;
|a New York :
|b Bloomsbury Academic,
|c 2014.
|
| 263 |
|
|
|a 1301
|
| 300 |
|
|
|a xxiii, 389 pages :
|b illustrations ;
|c 25 cm.
|
| 490 |
0 |
|
|a Contemporary studies in linguistics
|
| 504 |
|
|
|a Includes bibliographical references and index.
|
| 526 |
|
|
|a ENH
|
| 541 |
|
|
|a Book Finder International
|e 39024
|
| 650 |
|
0 |
|a Language and languages
|x Computer-assisted instruction
|x Research.
|9 49695
|
| 650 |
|
0 |
|a Language and languages
|x Research
|x Methodology.
|9 49696
|
| 650 |
|
0 |
|a Language acquisition
|x Research
|x Methodology.
|9 49697
|
| 650 |
|
0 |
|a English language.
|9 49698
|
| 700 |
1 |
|
|a Thomas, Michael,
|d 1969-
|9 49699
|
| 700 |
1 |
|
|a Reinders, Hayo.
|9 49700
|
| 700 |
1 |
|
|a Warschauer, Mark.
|9 49701
|
| 830 |
|
|
|a Contemporary studies in linguistics
|9 49702
|
| 852 |
|
|
|a Ayesha Abed Library
|c General Stacks
|
| 942 |
|
|
|2 ddc
|c BK
|
| 952 |
|
|
|0 0
|1 0
|2 ddc
|4 0
|6 418_007850000000000_CON
|7 0
|9 71090
|a BRACUL
|b BRACUL
|c GEN
|d 2022-06-23
|e Book Finder International
|g 3988.84
|l 1
|o 418.00785 CON
|p 3010039024
|r 2024-12-01
|s 2024-09-28
|t 1
|v 3988.84
|w 2022-06-23
|y BK
|